000 00284nam a2200121Ia 4500
008 220204s9999 xx 000 0 und d
082 _a954
_bMAH
100 _aMahajan, Vidya Dhar
245 0 _aIndia since 1526
250 _aEd.13
260 _aNew Delhi
_bS Chand
_c1976
942 _cBK
999 _c28767
_d28767